000 00741cam a2200205 a 4500
001 000006177
005 20200929151948.0
008 770812s1975 sp b 001 p spa
020 _a8432505455
040 _aDO-SdBNP
_bspa
_cBNPHU
082 _a861.3
_bS582b
100 1 _aSiles, Jaime,
_d1951-
_917317
245 1 3 _aEl barroco en la poesía española :
_bconscienciación lingüística y tensión histórica /
_cJaime Siles.
260 _aMadrid :
_bDoncel,
_c1975.
300 _a196 p. ;
_c18 cm.
490 1 _aEl Libro de bolsillo Doncel
_vno. 78
504 _aBibliografía: p. [181]-196.
650 4 _aPoesía española
_yPERÍODO CLASICO, 1500-1700
_xHistoria y crítica
_98771
650 4 _aLiteratura barroca
_xHistoria y crítica
_913420
999 _c5973
_d5973